Історія середніх віків (Запис № 355702)

МАРК-запис
000 -Лідер
fixed length control field 00881nam a22002897a 4500
001 - Контрольний номер
control field 69451
003 - Ідентифікатор контрольного номера
control field UA-OsUOA
005 - Дата та час останнього входження (трансакції)
control field 20220621150201.0
007 - Фіксоване поле фізичного опису
fixed length control field ta
008 - Елементи даних фіксованої довжини – загальна інформація
fixed length control field 20100623b un ||||| |||| 00| 0 ukr d
020 ## - Міжнародний стандартний книжковий номер (ISBN)
Міжнародний стандартний книжковий номер (ISBN) (НП) 9789664820230
040 ## - Джерело каталогізації
Агенція оригінальної каталогізації UA-OsUOA
Мова каталогізації ukr
Агенція, яка здійснювала перезапис UA-OsUOA
Агенція, яка здійснювала модифікацію UA-OsUOA
041 ## - Код мови
Код мови тексту/ звукової доріжки чи окремого заголовка (П) ukr
080 ## - Індекс Універсальної десяткової класифікації
Індекс Універсальної десяткової класифікації (УДК) (НП) 94(4)
090 ## - Локальний шифр розміщення
Класифікаційний індекс УДК 94(4)
Авторський знак (НП) Б20
100 ## - Основне введення – ім’я особи
Ім’я особи (НП) Балух В. О.
245 ## - Відомості про назву
Назва (НП) Історія середніх віків
Решта назви (НП) навч. посіб. у 2-х т.
260 ## - Публікація, розповсюдження і т.п. (Вихідні дані)
Місце публікації, розповсюдження і т.п. (П) Чернівці
Ім’я/ наймення видавництва, розповсюджувача і т.п. (П) Наші книги
Дата публікації, розповсюдження і т.п. (П) 2009
300 ## - Фізичний опис
Обсяг 496 с.
505 ## - Форматована примітка про зміст
Змішана інформація Т. 1
Назва Раннє середньовіччя
650 #7 - Додаткове предметне введення – тематичний термін
Тематичний термін чи географічна назва, як елемент введення (НП) 9 Географія. Біографії. Історія
Джерело заголовка чи терміна UDC
700 ## - Додаткове введення – ім'я особи
Ім’я особи (НП) В. О. Балух
700 ## - Додаткове введення – ім'я особи
Ім’я особи (НП) В. П. Коцур
942 ## - Додаткові елементи входу (Коха)
Тип елемента Koha Книги
Source of classification or shelving scheme Universal Decimal Classification
955 ## - Код типу видання за змістом
Код типу видання за змістом (НП) Навчальні видання
Фонди
Стан вилучень Стан втрат Джерело класифікації або схеми стелажів Стан уражень Не для кредиту Постійне місце розташування Поточне розміщення Дата придбання Джерело придбання Вартість, звичайна ціна покупки Послідовне перерахування / хронологія Інвентарний номер Повний номер виклику Штрих-код Дата останнього перегляду Ціна ефективна від Тип елемента Koha Усього замовленно Дата останньої перевірки Код колекції
Withdrawn   Universal Decimal Classification     АБ - Абонемент НБ АБ - Абонемент НБ 23/06/2010 56/2010 90.00 Т. 1 128186 94(4) Б20 128186 13/07/2019 23/06/2010 Книги      
    Universal Decimal Classification     АБ - Абонемент НБ АБ - Абонемент НБ 23/06/2010 56/2010 90.00 Т. 1 128187 94(4) Б20 128187 10/10/2022 23/06/2010 Книги 2 03/10/2022  
Withdrawn   Universal Decimal Classification     АБ - Абонемент НБ АБ - Абонемент НБ 23/06/2010 56/2010 90.00 Т. 1 128188 94(4) Б20 128188 13/07/2019 23/06/2010 Книги      
    Universal Decimal Classification     АБ - Абонемент НБ АБ - Абонемент НБ 23/06/2010 56/2010 90.00 Т. 1 128189 94(4) Б20 128189 18/01/2022 23/06/2010 Книги      
    Universal Decimal Classification     АБ - Абонемент НБ АБ - Абонемент НБ 23/06/2010 56/2010 90.00 Т. 1 128190 94(4) Б20 128190 18/01/2022 23/06/2010 Книги      
    Universal Decimal Classification     ЧЗ - Читальна зала ЧЗ - Читальна зала 23/06/2010 56/2010 90.00 Т. 1 128176 94(4) Б20 128176 07/02/2022 23/06/2010 Книги      
    Universal Decimal Classification     ЧЗ - Читальна зала ЧЗ - Читальна зала 23/06/2010 56/2010 90.00 Т. 1 128177 94(4) Б20 128177 07/02/2022 23/06/2010 Книги      
    Universal Decimal Classification     ЧЗ - Читальна зала ЧЗ - Читальна зала 23/06/2010 56/2010 90.00 Т. 1 128178 94(4) Б20 128178 07/02/2022 23/06/2010 Книги      
    Universal Decimal Classification     ЧЗ - Читальна зала ЧЗ - Читальна зала 23/06/2010 56/2010 90.00 Т. 1 128179 94(4) Б20 128179 07/02/2022 23/06/2010 Книги      
    Universal Decimal Classification     ЧЗ - Читальна зала ЧЗ - Читальна зала 23/06/2010 56/2010 90.00 Т. 1 128180 94(4) Б20 128180 17/12/2024 23/06/2010 Книги 3 08/12/2024  
    Universal Decimal Classification     ЧЗ - Читальна зала ЧЗ - Читальна зала 23/06/2010 56/2010 90.00 Т. 1 128181 94(4) Б20 128181 07/02/2022 23/06/2010 Книги      
    Universal Decimal Classification     ЧЗ - Читальна зала ЧЗ - Читальна зала 23/06/2010 56/2010 90.00 Т. 1 128182 94(4) Б20 128182 07/02/2022 23/06/2010 Книги      
    Universal Decimal Classification     ЧЗ - Читальна зала ЧЗ - Читальна зала 23/06/2010 56/2010 90.00 Т. 1 128183 94(4) Б20 128183 07/02/2022 23/06/2010 Книги      
    Universal Decimal Classification     ЧЗ - Читальна зала ЧЗ - Читальна зала 23/06/2010 56/2010 90.00 Т. 1 128184 94(4) Б20 128184 07/02/2022 23/06/2010 Книги      
    Universal Decimal Classification     ЧЗ - Читальна зала ЧЗ - Читальна зала 23/06/2010 56/2010 90.00 Т. 1 128185 94(4) Б20 128185 07/02/2022 23/06/2010 Книги      
    Universal Decimal Classification     ЧЗ - Читальна зала ЧЗ - Читальна зала 15/04/2011 52/2011 60.00 Т. 1 132026 94(4) Б20 132026 07/02/2022 15/04/2011 Книги     Колекція Пасічника І.Д.